Inštitucionálne aspekty manažérskeho účtovníctva v kontexte svetového vývoja

Špecifiká manažérskeho účtovníctva. Harmonizácia manažérskeho účtovníctva. Štandardy prijaté na úrovni profesijných združení manažérskych účtovníkov. Nadnárodné inštitúcie (Výbor pre medzinárodné účtovné štandardy - IASC, Medzinárodná federácia účtovníkov - IFAC).

Enregistré dans:
Détails bibliographiques
Auteur principal: Tumpach, Miloš, 1970-
Format: Chapitre de livre
Langue:slovaque
Sujets:
Tags: Ajouter un tag
Pas de tags, Soyez le premier à ajouter un tag!

MARC

LEADER 00000naa$a2200000$$$4500
001 0065645
005 20240502071758.5
041 0 |a slo 
044 |a SK 
245 1 0 |a Inštitucionálne aspekty manažérskeho účtovníctva v kontexte svetového vývoja  |c Miloš Tumpach 
520 |a Špecifiká manažérskeho účtovníctva. Harmonizácia manažérskeho účtovníctva. Štandardy prijaté na úrovni profesijných združení manažérskych účtovníkov. Nadnárodné inštitúcie (Výbor pre medzinárodné účtovné štandardy - IASC, Medzinárodná federácia účtovníkov - IFAC). 
610 2 0 |a účtovníctvo manažérske 
610 2 0 |a združenia 
610 2 0 |a svet 
610 2 0 |a harmonizácia 
100 1 |a Tumpach, Miloš, 1970-